Southville International School and Colleges
Your cart is empty.
  • Cart
  • Lists
    Public lists Eva Luna New books Lux_list list_1
    Your lists Log in to create your own lists
  • Log in to your account
  • Your cookies
  • Search history
Southville International School and Colleges
  • Advanced search
  • Recent comments
  • Most popular
  • Libraries

Log in to your account

Log in with GOOGLE


If you do not have an external account, but do have a local account, you can still log in:

  1. Home
  2. MARC view: Pagbasa at pagsulat tungo sa pananaliksik /
Normal view MARC view ISBD view

Pagbasa at pagsulat tungo sa pananaliksik / (Record no. 17461)

[ view plain ]
MARC details
000 -LEADER
fixed length control field 00632nam a22002177a 4500
003 - CONTROL NUMBER IDENTIFIER
control field OSt
005 - DATE AND TIME OF LATEST TRANSACTION
control field 20150907131533.0
008 - FIXED-LENGTH DATA ELEMENTS--GENERAL INFORMATION
fixed length control field 130130t xxu||||| |||| 00| 0 eng d
020 ## - INTERNATIONAL STANDARD BOOK NUMBER
International Standard Book Number 9789715847254
050 ## - LIBRARY OF CONGRESS CALL NUMBER
Classification number PL 6055
Item number .Al366 2008
082 ## - DEWEY DECIMAL CLASSIFICATION NUMBER
Classification number FIL 808.0427
Item number Al367 2008
100 ## - MAIN ENTRY--PERSONAL NAME
Personal name Alejo, Carmelita T.
245 ## - TITLE STATEMENT
Title Pagbasa at pagsulat tungo sa pananaliksik /
Statement of responsibility, etc Carmelita T. Alejo (and 4 others).
250 ## - EDITION STATEMENT
Edition statement Binagong edisyon.
260 ## - PUBLICATION, DISTRIBUTION, ETC. (IMPRINT)
Place of publication, distribution, etc Manila :
Name of publisher, distributor, etc C & E Publishing,
Date of publication, distribution, etc 2008.
300 ## - PHYSICAL DESCRIPTION
Extent 279 pages :
Dimensions 22 cm.
Other physical details illustrations ;
526 ## - STUDY PROGRAM INFORMATION NOTE
Reading level 1210L-1700L
562 ## - COPY AND VERSION IDENTIFICATION NOTE
Number of copies 1
942 ## - ADDED ENTRY ELEMENTS (KOHA)
Source of classification or shelving scheme Library of Congress Classification
Koha item type Books
Call number prefix Filipininana
Holdings
Withdrawn status Lost status Source of classification or shelving scheme Damaged status Home library Current library Shelving location Date acquired Total Checkouts Total Renewals Full call number Barcode Date last seen Date checked out Copy number Price effective from Koha item type Source of acquisition Sub Shelving location
    Library of Congress Classification   College Library College Library Filipiniana Section 01/30/2013 1 2 PL 6055 .Al366 2008 c16170 05/08/2018 07/05/2017 1 01/30/2013 Books    
    Library of Congress Classification   College Library College Library Filipiniana Section 09/07/2015     PL 6055 .Al366 2008 C19946 05/08/2018     09/07/2015 Books Donation  

Pagbasa at pagsulat tungo sa pananaliksik /

APA

Alejo C. T., . (2008). Pagbasa at pagsulat tungo sa pananaliksik. Manila: C & E Publishing.

Chicago

Alejo Carmelita T, . 2008. Pagbasa at pagsulat tungo sa pananaliksik. Manila: C & E Publishing.

Harvard

Alejo C. T., . (2008). Pagbasa at pagsulat tungo sa pananaliksik. Manila: C & E Publishing.

MLA

Alejo Carmelita T, . Pagbasa at pagsulat tungo sa pananaliksik. Manila: C & E Publishing. 2008.

  • Place hold
  • Print
  • Cite
  • Add to your cart (remove)
  • Save record
    BIBTEX Dublin Core MARCXML MARC (non-Unicode/MARC-8) MARC (Unicode/UTF-8) MARC (Unicode/UTF-8, Standard) MODS (XML) RIS
  • More searches
    Search for this title in:
    Other Libraries (WorldCat) Other Databases (Google Scholar) Online Stores (Bookfinder.com) Open Library (openlibrary.org)

Exporting to Dublin Core...

SOUTHVILLE LIBRARY

Southville International School and Colleges Library

1281 Tropical Ave. Cor. Luxembourg St., BF Homes International, Las Pinas City

Tel. No. 8256374 / 252358 Loc. 117/146

Powered by Koha